| 000 | 01399nam a22003850a 4500 | ||
|---|---|---|---|
| 001 | PT23426 | ||
| 003 | AR-LpoUNG | ||
| 005 | 20210131233139.0 | ||
| 008 | 191001s2006||||ag |||||||||||||||||spa d | ||
| 020 |
_a9871220405 _c$8 |
||
| 040 |
_aAR-LpoUNG _bspa _cAR-LpoUNG _eaacr |
||
| 041 | _aspa | ||
| 044 | _aag | ||
| 082 | 0 | _a982.066 977año | |
| 100 | 1 |
_aPucciarelli, Alfredo R. _ecoor. |
|
| 245 | 1 | 4 |
_aLos años de Alfonsín : _b¿el poder de la democracia o la democracia del poder? |
| 250 | _a1ra ed. | ||
| 260 |
_aBuenos Aires : _bSiglo Veintiuno, _c2006. |
||
| 300 |
_a510 p. : _bgráfs., tbls. |
||
| 520 | _a<p>Se analizan los procesos y acontecimientos ocurridos durante la presidencia de Alfonsín, relacionando sus características originales con su traducción en determinado tipo de políticas estatales y con el intento frustrado de reconstruir un estilo plebiscitario destinado a compensar con movilizaciones populares el menguado poder político acumulado por vía electoral.</p> | ||
| 650 | 4 | _aANALISIS HISTORICO | |
| 650 | 4 | _aARGENTINA | |
| 650 | 4 | _aASPECTOS POLITICOS | |
| 650 | 4 | _aDEMOCRACIA | |
| 650 | 4 | _aECONOMIA | |
| 650 | 4 | _aELECCIONES | |
| 650 | 4 | _aFUERZAS ARMADAS | |
| 650 | 4 | _aHISTORIA POLITICA | |
| 650 | 4 | _aLUCHA DE CLASES | |
| 650 | 4 | _aPRIVATIZACION | |
| 650 | 4 | _aRECESION ECONOMICA | |
| 651 | 4 | _aArgentina | |
| 905 | _a23426 | ||
| 942 | _cLIB | ||
| 999 |
_c19453 _d19453 |
||